|
|
|
|
| LEADER |
00000nab a2200000 ar4500 |
| 001 |
vtls008962841 |
| 003 |
SK-MaSNL |
| 005 |
20260305040110.0 |
| 008 |
070411c2007 xo mr|p|||||||000 b|slo |
| 038 |
|
|
|a SNSK
|
| 040 |
|
|
|a SNSK
|b slo
|c SNSK
|e AACR2
|
| 041 |
|
|
|a slo
|
| 044 |
|
|
|a xo
|c SK
|
| 080 |
|
|
|a 614.83
|2 2001
|
| 080 |
|
|
|a 614.841.43
|2 2001
|
| 100 |
1 |
|
|a Hybáčková, Beáta
|4 aut
|9 422286
|
| 245 |
1 |
0 |
|a Smrtiaci výbuch
|b plyn v Krompachoch usmrtil dvoch ľudí a úplne zničil dom
|c Beáta Hybáčková
|
| 300 |
|
|
|b Fotogr.
|
| 650 |
0 |
7 |
|a výbuchy
|2 snsk
|9 29936
|
| 650 |
0 |
7 |
|a rodinné domy
|2 snsk
|9 2984
|
| 650 |
0 |
7 |
|a tragédie
|2 snsk
|9 30732
|
| 650 |
0 |
7 |
|a plyn
|2 snsk
|9 424141
|
| 651 |
|
7 |
|a Krompachy (Slovensko)
|2 snkbucl
|9 43389
|
| 651 |
|
7 |
|a Spišská Nová Ves (Slovensko : okres)
|2 snkbucl
|9 22259
|
| 773 |
0 |
|
|t Život
|g Roč. 57, č. 7 (2007), s. 10-12
|x 0139-6323
|
| 852 |
|
|
|a SNSK
|b KIS3GCP
|
| 999 |
|
|
|c 3336664
|d 3338594
|